header

Modern genome annotation (Record no. 47694)

MARC details
000 -LEADER
fixed length control field 01215nam a2200313Ia 4500
245 00 - TITLE STATEMENT
Title Modern genome annotation
260 ## - PUBLICATION, DISTRIBUTION, ETC. (IMPRINT)
Place of publication Wien ;
-- New York :
Name of publisher Springer,
Year of publication c2009.
300 ## - PHYSICAL DESCRIPTION
Number of Pages xviii, 490 p. :
Other physical details col. ill.
650 #0 - SUBJECT ADDED ENTRY--TOPICAL TERM
Topical Term Bioinformatics.
Topical Term Human genome.
700 1# - ADDED ENTRY--PERSONAL NAME
Personal name Frishman, Dmitrij.
Personal name Valencia, Alfonso.
856 40 - ELECTRONIC LOCATION AND ACCESS
Uniform Resource Identifier http://site.ebrary.com/lib/rucke/Doc?id=10338319

No items available.

© 2026 Rongo University
Contact us: librarian | system librarian | Rongo university